000 00679cab a2200217 4500
001 ABS50243
008 090401t1994 xxu||||| |||| 00| 0 eng d
035 _a(Sirsi) u74801
041 _aeng
110 _aBCIS
245 _aRecessions: a comparision of the 1980s and the 1990s
260 _c1994
350 _a0
490 _aCSM (Chartered Surveyor Monthly)
_v3(6) March 1994, 27(1)
520 _aCompares the 1980s recesson to the 1990s recession by looking at figures produced in the BCIS tender price index.
650 _aBCIS ALL-IN TENDER PRICE INDEX
650 _aRECESSION
690 _aBUILT ENVIRONMENT-BUILDING COSTS
942 _n0
948 _c04/03/1997
999 _c47129
_d47129